00517nam a2200157 a 450000100100000000500170001000800410002704000250006810000300009324500350012326000500015830000200020804900090022895201050023799900170034200002991620200930055915.0110427s19uu dr 000 0 spa d aDO-SdBNPbspacBNPHU1 aMaría, Jacobo G.95665613aUn alto a la intervención /. a[Panamá] :bEditorial La Nación,c[199?]. a52 p. ;c23 cm. aBNPD 0010718PDaPDbPDcCTd2011-04-27iLF1l0o p29916-10r2020-06-25w2020-06-25yLFPDZNo se presta c29408d29408